| 000 | 00456nam a2200181Ia 4500 | ||
|---|---|---|---|
| 003 | LK-CoDNM | ||
| 005 | 20240226144825.0 | ||
| 008 | 010623t1891 xxu||||| |||| 00| 1 sin d | ||
| 040 |
_aLK-CoDNM _dLK-CoDNM _eLK-CoDNM |
||
| 041 | _asin | ||
| 080 | _a104 U22 | ||
| 100 | _aAvurudu Malaya | ||
| 245 | _aඅවුරුදු මාලය | ||
| 246 | _aAurudu maalaya | ||
| 260 |
_bS.A.Z.Siriwardena _aColombo _c1891 |
||
| 300 | _b11p., 18 cm | ||
| 942 | _cBK | ||
| 999 |
_c83398 _d83398 |
||